LEADER 00975nam0-2200301---450- 001 990008179560403321 005 20050906134251.0 035 $a000817956 035 $aFED01000817956 035 $a(Aleph)000817956FED01 035 $a000817956 100 $a20050906d2004----km-y0itay50------ba 101 0 $aita 102 $aIT 105 $ay-------001yy 200 1 $a<>esecuzione mobiliare$eespropriazione presso il debitore (artt. 513-542 cod. proc. civ.)$eespropriazione presso terzi (artt. 543-554 cod. proc. civ.)$fValentina Cacace 210 $aMilano$cGiuffrè$d2004 215 $aXXXIII, 641 p.$d22 cm 225 1 $aItinerari nel Processo Civile$eGuide$fcoordinate da Forunato Lazzaro 676 $a347.45$v20$zita 700 1$aCacace,$bValentina$0424012 801 0$aIT$bUNINA$gRICA$2UNIMARC 901 $aBK 912 $a990008179560403321 952 $aCN I 13$b13296$fDDRC 959 $aDDRC 996 $aEsecuzione mobiliare$9735729 997 $aUNINA